Big East Basketball Starters 2025 - Statistics

General Stats
  • This quiz has been taken 23 times
  • The average score is 13 of 55
Answer Stats
Hint Answer % Correct
F Eric Dixon
57%
C Ryan Kalkbrenner
57%
G Steven Ashworth
50%
G Bensley Joseph
43%
C Christ Essandoko
43%
G Jhamir Brickus
43%
G Kadary Richmond
43%
G Kam Jones
43%
G Wooga Poplar
43%
F Alex Karaban
36%
F Bryce Hopkins
36%
G Deivon Smith
36%
G Jayden Epps
36%
G Jayden Pierre
36%
G Jordan Longino
36%
G Stevie Mitchell
36%
C Thomas Sorber
36%
F Wesley Cardet
36%
C Ben Gold
29%
F David Joplin
29%
F Enoch Boakye
29%
G Hassan Diarra
29%
F Liam McNeely
29%
G Micah Peavy
29%
F Zuby Ejiofor
29%
F Chase Ross
21%
F Drew Fielder
21%
G Jamiya Neal
21%
G Pierre Brooks
21%
G Simeon Wilcher
21%
G Solo Ball
21%
C Tarris Reed
21%
G Aaron Scott
14%
G Conor Enright
14%
F David Skogman
14%
G Garwey Dual
14%
G Jacob Meyer
14%
F Jahmyl Telfort
14%
F Mason Miller
14%
F Patrick McCafrey
14%
G Pop Isaacs
14%
G Ryan Conwell
14%
C Zach Freemantle
14%
G Caleb Williams
7%
G Dayvion McKnight
7%
G Dylan Addae-Wusu
7%
G Finley Bizjack
7%
G Isaiah Coleman
7%
F Landon Moore
7%
G Dailyn Swain
0%
C Emmanuel Okorafor
0%
G Isaiah Rivera
0%
F Jerome Hunter
0%
F Prince Aligbe
0%
F Troy D'Amico
0%
No matching quizzes found
Score Distribution
Percent of People with Each Score
Percentile by Number Answered
Your Score History
You have not taken this quiz